000 01756nim a2200397 i 4500
001 197368
003 ES-MaACL
005 20250828062635.0
007 ss lsnjlcipnne
008 140525s1991 sp nnnn |||| 00| spa d
040 _bspa
_cES-MaACL
245 0 0 _aRecuerdo de Álvaro Cunqueiro
_h[Grabación sonora] :
_bmesa redonda /
_cintervienen Gonzalo Torrente Ballester, Dionisio Gamallo Fierros, Lois Diéguez y César Antonio Molina ; presenta Miguel Losada
260 _aMadrid :
_bAteneo de Madrid,
_c1991
300 _a2 casetes (ca. 180 min) :
_bson. ;
_c11 cm
490 1 _3Actos culturales en el Ateneo de Madrid
518 _aGrabado el 14 de mayo de 1991 en el Salón de Actos del Ateneo de Madrid
520 _aHomenaje a Álvaro Cunqueiro (1911-1981), novelista, poeta, dramaturgo, periodista y gastrónomo.
540 _aDocumento inédito
594 _5Datos basados en la invitación
600 1 4 _aCunqueiro, Álvaro,
_d1911-1981
_942188
610 2 0 _aAteneo de Madrid-
_xActos culturales-
_y1991-
_vGrabaciones sonoras
_9240452
653 _aArchivo de la palabra
655 0 _aConferencias
_9234444
700 1 _9110850
_aTorrente Ballester, Gonzalo,
_eora
_d1910-1999
700 1 _953740
_aGamallo Fierros, Dionisio,
_eora
_d1914-2000
700 0 _981883
_aMolina, César Antonio
_eora
700 1 _9240621
_aDiéguez, Lois,
_eora
_d1944-
700 1 _974261
_aLosada, Miguel
_epres
710 _aAteneo de Madrid
_bAgrupación de Estudios Gallegos
_9240622
_ehis
830 0 _aActos culturales en el Ateneo de Madrid
_9240237
852 _aES-MaACL
_cDEPOZ
_9205698
_pCinta 1
852 _aES-MaACL
_cDEPOZ
_9205699
_pCinta 2
942 _2udc
_n0
_cCINTASAUD
999 _c197368
_d197368